[Event "Hofheim Spring op-B 6th"]
[Site "Hofheim"]
[Date "2018.04.07"]
[Round "9"]
[White "Reuter, Elisa"]
[Black "Meilinger, Claus"]
[Result "1/2-1/2"]
[WhiteElo "1842"]
[BlackElo "1997"]
[PlyCount "57"]
[EventDate "2018.04.03"]
[EventType "swiss"]
[EventRounds "9"]
[EventCountry "GER"]
[SourceTitle "EXT 2020"]
[Source "ChessBase"]
[SourceDate "2019.10.17"]
[SourceVersion "1"]
[SourceVersionDate "2019.10.17"]
[SourceQuality "1"]

1. e4 c5 2. Nf3 e6 3. d4 cxd4 4. Nxd4 Nc6 5. Nc3 a6 6. a3 Qc7 7. Be2 Be7 8. Nxc6 bxc6 9. 0-0 d5 10. Bf3 Nf6 11. Re1 Bb7 12. h3 0-0 13. Be3 Rad8 14. exd5 cxd5 15. Bd4 Rfe8 16. Qd2 Bd6 17. Na4 Rc8 18. c4 e5 19. c5 Bf8 20. Bc3 e4 21. Bd1 Bxc5 22. Nxc5 Qxc5 23. Bd4 Qe7 24. Re3 Nd7 25. Bg4 Rc6 26. Bxd7 Qxd7 27. Rg3 Rg6 28. Rxg6 hxg6 29. Rc1 1/2-1/2

[Event "Hofheim Spring op-A 1st"]
[Site "Hofheim"]
[Date "2013.04.08"]
[Round "9"]
[White "Carow, Annelen"]
[Black "Meilinger, Claus"]
[Result "1-0"]
[WhiteElo "2029"]
[BlackElo "2019"]
[PlyCount "59"]
[EventDate "2013.04.02"]
[EventType "swiss"]
[EventRounds "9"]
[EventCountry "GER"]
[SourceTitle "CBM 153 Extra"]
[Source "ChessBase"]
[SourceDate "2013.04.22"]
[SourceVersion "1"]
[SourceVersionDate "2013.04.22"]
[SourceQuality "1"]

1. d4 Nf6 2. c4 d6 3. Nc3 g6 4. e4 Bg7 5. f3 0-0 6. Be3 Nbd7 7. Nge2 e5 8. d5 Ne8 9. g4 Bh6 10. Bf2 f5 11. gxf5 gxf5 12. exf5 Rxf5 13. Ng3 Rf7 14. Qe2 a5 15. Be3 Bxe3 16. Qxe3 Nc5 17. 0-0-0 Ng7 18. Be2 Bh3 19. Qh6 Qd7 20. Rhg1 Kh8 21. Nge4 Nxe4 22. fxe4 Qc8 23. Rd3 Bd7 24. Rdg3 Qf8 25. h4 Re8 26. h5 Ree7 27. Qg5 Rf6 28. h6 Rg6 29. hxg7+ Rexg7 30. Qe3 1-0